[Event "CHI-ch Metropolitan sf 0708"]
[Site "Santiago de Chile"]
[Date "2008.02.09"]
[Round "4"]
[White "Ferreira Millavud, Marcelo"]
[Black "Labra Carreno, Martin"]
[Result "1-0"]
[WhiteElo "1851"]
[BlackElo "2073"]
[PlyCount "95"]
[EventDate "2008.02.06"]
[EventType "swiss"]
[EventRounds "9"]
[EventCountry "CHI"]
[SourceTitle "EXT 2012"]
[Source "ChessBase"]
[SourceDate "2011.11.24"]
[SourceVersion "1"]
[SourceVersionDate "2011.11.24"]
[SourceQuality "1"]

1. d4 d5 2. c4 c6 3. Nc3 Nf6 4. Nf3 dxc4 5. a4 Bf5 6. e3 e6 7. Bxc4 Nbd7 8. 0-0 Bb4 9. Qb3 Bxc3 10. bxc3 Qb6 11. Ba3 Qxb3 12. Bxb3 0-0-0 13. c4 h6 14. a5 a6 15. Rfc1 Ne4 16. Ra2 g5 17. Rb2 g4 18. Nd2 Rhe8 19. Ba4 Nxd2 20. Rxd2 Nf6 21. Kf1 Kb8 22. Ke2 Ka8 23. f3 e5 24. d5 gxf3+ 25. gxf3 e4 26. f4 Bd7 27. dxc6 bxc6 28. Rd6 Bg4+ 29. Ke1 Rxd6 30. Bxd6 Rc8 31. Rb1 Nd7 32. c5 Be6 33. Rb4 f5 34. Rb2 Nf6 35. Rb6 Nd5 36. Rxc6 Kb7 37. Rxc8 Kxc8 38. Kd2 Bd7 39. c6 Be8 40. h3 Nc7 41. Bxc7 Kxc7 42. Kc3 Bxc6 43. Bxc6 Kxc6 44. Kc4 h5 45. h4 Kd6 46. Kd4 Ke6 47. Kc5 Kd7 48. Kd5 1-0

[Event "CHI-chT"]
[Site "Santiago de Chile"]
[Date "2007.11.20"]
[Round "6"]
[White "Carmona Rosales, Jose Luis"]
[Black "Labra Carreno, Martin"]
[Result "1-0"]
[WhiteElo "2191"]
[BlackElo "2073"]
[PlyCount "89"]
[EventDate "2007.10.16"]
[EventType "team-tourn"]
[EventRounds "9"]
[EventCountry "CHI"]
[SourceTitle "EXT 2012"]
[Source "ChessBase"]
[SourceDate "2011.11.24"]
[SourceVersion "1"]
[SourceVersionDate "2011.11.24"]
[SourceQuality "1"]

1. d4 d5 2. Nf3 Nf6 3. e3 Bf5 4. Be2 e6 5. 0-0 Nbd7 6. b3 Bd6 7. Bb2 0-0 8. c4 c6 9. Ne5 Qc7 10. f4 Ne4 11. g4 Bg6 12. Nxg6 hxg6 13. c5 Be7 14. Nd2 Nxd2 15. Qxd2 Nf6 16. Bf3 Nh7 17. g5 f6 18. h4 fxg5 19. hxg5 Kf7 20. Kg2 Rh8 21. Rh1 Rag8 22. Raf1 Nf8 23. Bg4 Qd8 24. Bc3 Ke8 25. Qf2 Kd7 26. b4 Kc8 27. a4 Kb8 28. b5 Ka8 29. bxc6 bxc6 30. Rb1 Qc8 31. Qb2 Rxh1 32. Kxh1 Rh8+ 33. Kg2 Bd8 34. Be1 Bc7 35. Bg3 Rh7 36. e4 Qa6 37. f5 Bxg3 38. Kxg3 Qc8 39. fxe6 dxe4 40. Qf2 Rh8 41. e7 Ne6 42. Bxe6 Qxe6 43. Qf8+ Qc8 44. Rf1 Kb7 45. Qxc8+ 1-0

[Event "Santiago Endesa Interempresas"]
[Site "Santiago de Chile"]
[Date "2007.??.??"]
[Round "3"]
[White "Labra Carreno, Martin"]
[Black "Contreras, Miguel"]
[Result "1-0"]
[WhiteElo "2087"]
[BlackElo "2074"]
[PlyCount "77"]
[EventDate "2007.??.??"]
[EventType "tourn"]
[EventRounds "11"]
[EventCountry "CHI"]
[SourceTitle "EXT 2008"]
[Source "ChessBase"]
[SourceDate "2007.11.25"]
[SourceVersion "1"]
[SourceVersionDate "2007.11.25"]
[SourceQuality "1"]

1. e4 e5 2. Nf3 Nc6 3. d4 exd4 4. Bc4 Nf6 5. e5 d5 6. Bb5 Ne4 7. 0-0 Be7 8. Nxd4 Bd7 9. Bxc6 bxc6 10. Nd2 Nc5 11. f4 Ne6 12. N2b3 Nxd4 13. Qxd4 Bf5 14. Qc3 Qd7 15. Be3 0-0 16. Bc5 Rfe8 17. Nd4 Be4 18. Rf2 Bxc5 19. Qxc5 Rab8 20. c3 Rb6 21. Rd1 Qe7 22. Qa5 a6 23. b4 h6 24. Qa4 Rd8 25. Nb3 g5 26. g3 gxf4 27. Rxf4 Qxe5 28. Nd4 Rd6 29. Re1 Rg6 30. Rf2 c5 31. Ne2 Bd3 32. Qd1 Be4 33. Nf4 Rgf6 34. bxc5 Rb5 35. Qd4 Qg5 36. Nh3 Rxf2 37. Nxg5 Rg2+ 38. Kf1 hxg5 39. Rxe4 1-0

[Event "Santiago Endesa Interempresas"]
[Site "Santiago de Chile"]
[Date "2007.??.??"]
[Round "7"]
[White "Labra Carreno, Martin"]
[Black "Dumas Aviles, Alejandro"]
[Result "0-1"]
[WhiteElo "2087"]
[BlackElo "2221"]
[PlyCount "75"]
[EventDate "2007.??.??"]
[EventType "tourn"]
[EventRounds "11"]
[EventCountry "CHI"]
[SourceTitle "EXT 2008"]
[Source "ChessBase"]
[SourceDate "2007.11.25"]
[SourceVersion "1"]
[SourceVersionDate "2007.11.25"]
[SourceQuality "1"]

1. e4 c5 2. Nf3 d6 3. d4 cxd4 4. Nxd4 Nf6 5. Nc3 a6 6. Be2 e5 7. Nb3 Be7 8. 0-0 Be6 9. Kh1 Nbd7 10. f4 Qc7 11. g4 exf4 12. g5 Ng8 13. Bxf4 Ne5 14. Nd4 0-0-0 15. Nd5 Bxd5 16. exd5 g6 17. c4 Kb8 18. Qb3 Ka8 19. a4 h6 20. Qg3 Bxg5 21. Nb5 axb5 22. axb5+ Kb8 23. Qe3 Bxf4 24. Qa7+ Kc8 25. b6 Qb8 26. Rxf4 Ne7 27. Qa4 Rd7 28. Re4 Kd8 29. Re3 Nf5 30. Rea3 Ke7 31. Bf1 Qe8 32. Qb4 Kf6 33. Bh3 Qe7 34. Rf1 Kg7 35. Qc3 Re8 36. b3 Qh4 37. Rc1 Rde7 38. Ra2 0-1

[Event "Mayor de Chile op"]
[Site "Santiago de Chile"]
[Date "2005.02.23"]
[Round "10"]
[White "Labra Carreno, Martin"]
[Black "Mesias Rojas, Rabindranath"]
[Result "0-1"]
[WhiteElo "2132"]
[BlackElo "2208"]
[PlyCount "112"]
[EventDate "2005.02.14"]
[EventType "swiss"]
[EventRounds "11"]
[EventCountry "CHI"]
[SourceTitle "EXT 2006"]
[Source "ChessBase"]
[SourceDate "2005.11.24"]
[SourceVersion "1"]
[SourceVersionDate "2005.11.24"]
[SourceQuality "1"]

1. e4 c5 2. Nf3 Nc6 3. d4 cxd4 4. Nxd4 Nf6 5. Nc3 e5 6. Ndb5 d6 7. Nd5 Nxd5 8. exd5 Nb8 9. c4 Be7 10. Bd3 0-0 11. 0-0 a6 12. Nc3 f5 13. f3 Nd7 14. Be3 Bg5 15. Bf2 Qc7 16. Na4 b6 17. b4 e4 18. fxe4 fxe4 19. Be2 Rxf2 20. Kxf2 b5 21. Nb2 Qa7+ 22. Ke1 Qe3 23. Qb3 Qd2+ 24. Kf2 e3+ 25. Kg1 Qxe2 26. Nd3 Qh5 27. Rf3 Bf6 28. Nf4 Qh6 29. Raf1 Ne5 30. Rxe3 bxc4 31. Qc2 Bd7 32. Qd2 Bg5 33. g3 Rb8 34. Ra3 Bh3 35. Rf2 Nd3 36. Rxd3 cxd3 37. Qxd3 Bxf4 38. gxf4 Qg6+ 39. Qxg6 hxg6 40. Rf3 Bf5 41. Ra3 Ra8 42. Kf2 Kf7 43. Kf3 Ke7 44. Rc3 Rc8 45. Ra3 Rc4 46. Rxa6 Rxb4 47. Ra7+ Bd7 48. a3 Ra4 49. Rxa4 Bxa4 50. Ke4 Kf6 51. Kd4 Kf5 52. Kc4 Kxf4 53. Kb4 Bd1 54. a4 Ke5 55. Kb5 Bxa4+ 56. Kxa4 Kxd5 0-1

[Event "Honor Club Chile op"]
[Site "Santiago de Chile"]
[Date "2004.05.04"]
[Round "5"]
[White "Labra Carreno, Martin"]
[Black "Bombardiere Rosas, Eduardo"]
[Result "0-1"]
[WhiteElo "2127"]
[BlackElo "2247"]
[PlyCount "96"]
[EventDate "2004.04.26"]
[EventType "swiss"]
[EventRounds "7"]
[EventCountry "CHI"]
[SourceTitle "EXT 2005"]
[Source "ChessBase"]
[SourceDate "2004.11.15"]
[SourceVersion "1"]
[SourceVersionDate "2004.11.15"]
[SourceQuality "1"]

1. e4 c6 2. d4 d5 3. e5 Bf5 4. Nf3 e6 5. Be3 Nd7 6. Nbd2 a6 7. Be2 b5 8. 0-0 Ne7 9. Nh4 Bg6 10. f4 c5 11. c3 Nc6 12. Nxg6 hxg6 13. Nf3 Qb6 14. a3 Be7 15. b4 cxd4 16. cxd4 Qb7 17. Bd3 Nb6 18. g4 Nc4 19. Bc1 Qb6 20. Bxc4 dxc4 21. Be3 0-0-0 22. Qe2 Rd5 23. Rfd1 Rhd8 24. Kg2 R8d7 25. Bf2 Qb7 26. Qe4 Bd8 27. Kg3 Bb6 28. f5 gxf5 29. gxf5 exf5 30. Qxf5 g6 31. Qh3 Ne7 32. Kg2 Qc6 33. Kg1 Nf5 34. Qg4 Kb7 35. Qf4 Ng7 36. Rac1 Ne6 37. Qg4 Qc8 38. Rc2 Qh8 39. Qe4 Qh5 40. Rdd2 g5 41. Be3 g4 42. Ne1 Kc7 43. Ng2 Ng5 44. Bxg5 Qxg5 45. Kf1 Rxd4 46. Rxd4 Rxd4 47. Qh7 Qxe5 48. Ne1 Rf4+ 0-1

[Event "Honor Club Chile op"]
[Site "Santiago de Chile"]
[Date "2004.04.29"]
[Round "3"]
[White "Cabre, Carlos"]
[Black "Labra Carreno, Martin"]
[Result "0-1"]
[WhiteElo "1967"]
[BlackElo "2127"]
[PlyCount "50"]
[EventDate "2004.04.26"]
[EventType "swiss"]
[EventRounds "7"]
[EventCountry "CHI"]
[SourceTitle "EXT 2005"]
[Source "ChessBase"]
[SourceDate "2004.11.15"]
[SourceVersion "1"]
[SourceVersionDate "2004.11.15"]
[SourceQuality "1"]

1. e4 c5 2. Nf3 e6 3. d4 cxd4 4. Nxd4 Nc6 5. c4 Nf6 6. Nc3 Bb4 7. Nxc6 bxc6 8. e5 Ne4 9. Bd2 Nxd2 10. Qxd2 d5 11. cxd5 exd5 12. Rd1 0-0 13. a3 Ba5 14. b4 Bb6 15. Na4 Bc7 16. f4 f6 17. exf6 Qxf6 18. g3 Re8+ 19. Be2 Bg4 20. Nc3 Bb6 21. Kf1 Bh3+ 22. Ke1 Qe6 23. Na4 Bg4 24. Nc5 Qxe2+ 25. Qxe2 Bxe2 0-1

[Event "La Florida CALF op"]
[Site "La Florida"]
[Date "2003.11.01"]
[Round "6.3"]
[White "Labra Carreno, Martin"]
[Black "Morales Gonzalez, Rodrigo"]
[Result "1/2-1/2"]
[WhiteElo "2160"]
[BlackElo "2115"]
[PlyCount "80"]
[EventDate "2003.09.27"]
[EventType "swiss"]
[EventRounds "6"]
[EventCountry "CHI"]
[SourceTitle "CBM 097 Extra"]
[Source "ChessBase"]
[SourceDate "2004.01.13"]
[SourceVersion "1"]
[SourceVersionDate "2004.01.13"]
[SourceQuality "1"]

1. d4 Nf6 2. c4 g6 3. Nc3 Bg7 4. e4 d6 5. Bd3 0-0 6. Nge2 e5 7. d5 Nbd7 8. f3 Nc5 9. b4 Nxd3+ 10. Qxd3 a5 11. Ba3 b6 12. b5 Nh5 13. 0-0 f5 14. Bc1 f4 15. Bd2 g5 16. Be1 g4 17. fxg4 Bxg4 18. h3 Bd7 19. Kh1 Bf6 20. Qf3 Be8 21. g4 fxg3 22. Nxg3 Bg7 23. Nf5 Bg6 24. Bh4 Rxf5 25. exf5 Qxh4 26. fxg6 Rf8 27. gxh7+ Kh8 28. Qg4 Rxf1+ 29. Rxf1 Qxg4 30. hxg4 Ng3+ 31. Kg2 Nxf1 32. Kxf1 Kxh7 33. Ne4 Kg6 34. Kg2 Bf6 35. Kg3 Be7 36. Kh3 Bg5 37. Kg3 Bf6 38. Nf2 Bg5 39. Kf3 Be7 40. Ne4 Bf6 1/2-1/2

[Event "La Florida CALF op"]
[Site "La Florida"]
[Date "2003.10.11"]
[Round "3.2"]
[White "Labra Carreno, Martin"]
[Black "Matamala, Emiliano"]
[Result "1-0"]
[WhiteElo "2160"]
[BlackElo "2047"]
[PlyCount "79"]
[EventDate "2003.09.27"]
[EventType "swiss"]
[EventRounds "6"]
[EventCountry "CHI"]
[SourceTitle "CBM 097 Extra"]
[Source "ChessBase"]
[SourceDate "2004.01.13"]
[SourceVersion "1"]
[SourceVersionDate "2004.01.13"]
[SourceQuality "1"]

1. e4 c5 2. Nf3 d6 3. d4 cxd4 4. Nxd4 Nf6 5. Nc3 a6 6. f3 e5 7. Nb3 Be6 8. Be3 Be7 9. Qd2 0-0 10. g4 Qc7 11. h4 Rc8 12. h5 b5 13. g5 b4 14. Na4 Nfd7 15. Qxb4 Nc6 16. Qd2 a5 17. Nc1 Nd4 18. Bxd4 exd4 19. Bd3 d5 20. Ne2 Qc6 21. b3 Bb4 22. c3 dxc3 23. Qc2 Ne5 24. 0-0-0 Nxd3+ 25. Rxd3 dxe4 26. fxe4 Qb5 27. g6 Rab8 28. gxh7+ Kh8 29. Kb1 f5 30. Nd4 Qe8 31. h6 gxh6 32. Rxh6 Bf7 33. Nxf5 Bf8 34. Nd6 Bxd6 35. Rhxd6 Qxa4 36. Rd8+ Kxh7 37. Qh2+ Kg6 38. Qd6+ Kg5 39. Qe5+ Kh4 40. Qf4+ 1-0

[Event "Santiago Esucomex op"]
[Site "Santiago de Chile"]
[Date "1998.??.??"]
[Round "5"]
[White "Montero Martinez, Cristian"]
[Black "Labra Carreno, Martin"]
[Result "0-1"]
[WhiteElo "2230"]
[BlackElo "2110"]
[PlyCount "46"]
[EventDate "1998.??.??"]
[EventType "swiss"]
[EventRounds "9"]
[EventCountry "CHI"]
[SourceTitle "EXT 1999"]
[Source "ChessBase"]
[SourceDate "1998.11.16"]
[SourceVersion "1"]
[SourceVersionDate "1998.11.16"]
[SourceQuality "1"]

1. e4 c5 2. f4 d6 3. Nf3 Nc6 4. c3 Nf6 5. d3 e5 6. Be3 Be7 7. Nbd2 Ng4 8. Qe2 Nxe3 9. Qxe3 exf4 10. Qxf4 g5 11. Qe3 g4 12. Ng1 Bg5 13. Qf2 0-0 14. h4 Bh6 15. g3 f5 16. Qg2 Be6 17. Ne2 fxe4 18. Qxe4 Qf6 19. 0-0-0 d5 20. Qa4 Ne5 21. Kc2 Nxd3 22. Nd4 Nf2 23. Nxe6 Qxe6 0-1

[Event "San Copiapo"]
[Site "San Copiapo"]
[Date "1992.??.??"]
[Round "9"]
[White "Valiente, Cristobal"]
[Black "Labra Carreno, Martin"]
[Result "1-0"]
[WhiteElo "2345"]
[BlackElo "2360"]
[PlyCount "85"]
[EventDate "1992.??.??"]
[EventType "tourn"]
[EventRounds "11"]
[EventCountry "CHI"]
[SourceTitle "EXT 2000"]
[Source "ChessBase"]
[SourceDate "1999.11.16"]
[SourceVersion "1"]
[SourceVersionDate "1999.11.16"]
[SourceQuality "1"]

1. e4 c5 2. Nf3 Nc6 3. Bb5 g6 4. 0-0 Bg7 5. Re1 Nf6 6. c3 0-0 7. d3 Qb6 8. Ba4 d6 9. h3 Bd7 10. Nbd2 Rad8 11. Nf1 e6 12. Bc2 d5 13. e5 Ne8 14. N1h2 f6 15. exf6 Nxf6 16. Ba4 Rde8 17. Rb1 Qc7 18. Bg5 a6 19. Qd2 b5 20. Bb3 c4 21. dxc4 Ne4 22. Qc1 Nxg5 23. Qxg5 bxc4 24. Bc2 Qf4 25. Qxf4 Rxf4 26. Ng4 Nd8 27. Nge5 Bc8 28. b3 Nf7 29. bxc4 Nxe5 30. Nxe5 Bxe5 31. Rxe5 Rxc4 32. Bb3 Rc5 33. c4 Rd8 34. Rd1 Kf7 35. cxd5 Kf6 36. f4 h6 37. Kh2 g5 38. dxe6 Rxd1 39. Rxc5 Rd8 40. fxg5+ hxg5 41. Rc7 Bxe6 42. Rc6 Re8 43. Rxa6 1-0